000 00849nam a2200253Ia 4500
003 OSt
005 20221005103325.0
006 a|||||r|||| 00| 0
007 ta
008 221004b |||||||| |||| 00| 0 hin d
024 _a4820
037 _bGift, 28/06/2013,
_cTextual
040 _aCRL
_cCRL
_bhin
041 _2hin
_ahin
082 _aO152,1J32,11, K6
100 _aश्रीमदोस्वामी
245 0 _aश्रीरामचरितमानस
246 _aShrīrāmacharitamānasa
260 _aगोरखपुर
_bगीता प्रेस भारत
_c1966
300 _a338पृ0
_ccm.
650 _aहिन्दी साहित्य
942 _hO152,1J32,11, K6
_cTEXL
_2cc
999 _c1009827
_d1009827